75 matches avec le PSG_Mort Subite (difficile) - Statistiques

Statistiques générales
  • Ce quiz a été pris 110 fois
  • Le résultat moyen est 3 sur 15
Answers on the Grid
Answers color-coded by a green-red scale on the quiz's grid according to % correct below.
Pochettino
Cristian Rodriguez
Arteta
Bourillon
Trapp
Beraldo
Bodmer
Cabaye
Cana
Carlos Soler
Choupo-Moting
Anelka
Sarabia
David Luiz
Bahebeck
Edel
Erdinç
Gameiro
Idrissa Gueye
Aurier
Kolo Muani
Digne
Lo celso
Messi
Nkunku
Paulo César
Dani Alves
Ronaldinho
Sergio Ramos
Sessègnon
 
Statistiques - réponses
Réponse % Correct
Trapp
47%
Pochettino
33%
Aurier
30%
David Luiz
30%
Idrissa Gueye
25%
Messi
25%
Bodmer
23%
Gameiro
16%
Ronaldinho
16%
Beraldo
11%
Sarabia
11%
Cana
5%
Nkunku
5%
Erdinç
4%
Sessègnon
2%
Aucun quiz correspondant
Distribution des résultats
% des personnes avec chaque résultat
Percentile par nombre de réponses
Votre historique - résultats
Vous n’avez pas pris ce quiz